Chemical reaction equilibrium analysis: theory and algorithms

Saved in:
Bibliographic Details
Main Authors: Smith, William R (Author), Missen, Ronald W (Author)
Format: Book
Language:English
Published: Nueva York John Wiley 1982
Subjects:
Tags: Add Tag
No Tags, Be the first to tag this record!

MARC

LEADER 00000nam a2200000 a 4500
001 UCU3563
003 CL-VaPUC
008 960510e19820000US |||||||||||||||||eng|d
082 0 4 |a 543  |b SMI  |2 21 
100 0 |a Smith, William R  |e author  |9 360568 
700 0 |a Missen, Ronald W  |e author  |9 360569 
245 1 0 |a Chemical reaction equilibrium analysis: theory and algorithms 
300 |a 364 p 
942 |c BK 
945 |d 19960510 00:00:00  |a cmena 
260 |a Nueva York  |b John Wiley  |c 1982 
650 0 |a Química analítica  |9 259648 
650 0 |a Acción y reacción  |9 359792 
650 7 |a EQUILIBRIOS QUIMICOS  |2 CL-VaPUC  |9 336637 
650 0 |a Estados de la Materia  |9 347141 
650 0 |a Reacciones químicas  |9 259438 
650 0 |a Termodinámica   |9 259320 
650 0 |a Aplicaciones de computadores  |9 260401 
650 0 |a Algoritmos   |9 260639 
650 0 |a Programación de computadores   |9 259531 
583 |a last modification  |c 19960510 00:00:00  |k Rodrigo Vera 
999 |c 247524  |d 247522 
952 |0 0  |1 0  |4 0  |6 543_000000000000000_SMI_1982  |7 0  |8 A  |9 263505  |a BIBING  |b BIBING  |d 2019-11-19  |i 1651056  |o 543 SMI 1982  |p 1651056  |r 2025-01-20  |w 2019-11-19  |y BK  |k ING